00695nam a2200241 a 4500001001300000003000900013005001700022008004100039020001000080082001300090100001900103245005600122260003700178300000900215500003500224505001300259650001900272700001900291902000800310942000700318952011300325999001500438nice12345678IN_TiNIC20260116011644.0050524s1899 beia grp 000 0 ara  ac10000a933bING aIngraham, John aKitab Ummud-Ul-Nar Hur Khuruj Bani Israel Min Misr. aBeirutbAmeer Kaniya Pressc1899 a405p aincludes index and biblioraphy2 aappendix aIsrael-History1 aIngraham, John bSRS cBK 001040708StackRoom-aHMIbHMId2007-06-06g100.00l0o933 INGp09747r2007-06-06v100.00w2005-05-24yBK c3172d3172